Doostan : a book for my children, part one

Bibliographic Details
Main Author: Said, Hakim Mohammed , 1920- (Author)
Format: Book
Published: Karachi : Hamdard Foundation Pakistan , c1991
Subjects:

MARC

LEADER 00000cam a2200000 7i4500
001 0000004223
005 20230608093000.0
008 021118s1991
090 0 0 |a BP45   |b .S24 1991 
100 0 |a Said, Hakim Mohammed ,   |d 1920- ,   |e author 
245 0 0 |a Doostan :   |b a book for my children, part one   |c Hakim Mohammed Said 
260 2 |a Karachi :   |b Hamdard Foundation Pakistan ,   |c c1991 
300 |a 104 p. ;   |c 20 cm. 
650 0 |a Islamic religious education   |v Juvenile literature 
650 0 |a Islam   |v Juvenile literature 
999 |a 1000001342   |b Book   |c OPEN SHELF (30 DAYS)   |e Gong Badak Campus